000 00663nam a2200229Ia 4500
003 OSt
005 20220926002551.0
006 a|||||r|||| 00| 0
007 ta
008 220923b |||||||| |||| 00| 0 eng d
037 _cGeneral Book
040 _aRTL
_cRTL
_beng
041 _2eng
_aeng
082 _aX9(F182):77, M5/SC
100 _aPAL S P
_9306070
245 0 _aLong term demand for Iran and steel.
260 _a New Delhi
_bNational Council of Applied Economic Research
_c1985
300 _avii,182p.
_ccm.
500 _aAppendix: P 117-182
942 _hX9(F182):77, M5/SC
_cGB
_2CC
999 _c605454
_d605454